000 00483nam a2200157Ia 4500
008 210716s2012 xx 000 0 und d
020 _a9780749466923
041 _aeng
082 _a658.4092 ELSR
100 _aElsner, Richard;Farrands, Bridget.
245 _aLeadership transitions: how business leader take charge in new roles.
_bHow business leader take charge in new roles.
250 _a1
260 _aNew Delhi
_bKogan Page
_c2012
300 _a196
650 _aLeadership
999 _c208487
_d208487